Citez tout les personnages de Brawl star - Statistiques

Statistiques générales
  • Ce quiz a été pris 29 fois
  • Le résultat moyen est 32 sur 88
Statistiques - réponses
Hint Réponse % Correct
Normal Shelly
100%
Rare Colt
82%
Rare Nita
73%
Rare El costo
68%
Rare Bartaba
64%
Rare Poco
64%
Rare Bull
59%
Super rare Jessie
59%
Légendaire Léon
59%
Rare Rosa
59%
Super rare Ricochet
55%
Légendaire Spike
55%
Rare Brock
50%
Mythique Buzz
50%
Super rare Carl
50%
Légendaire Corbac
50%
Super rare Dynamike
50%
Super rare Gus
50%
Épique Stu
50%
Légendaire Ambre
45%
Épique Bo
45%
Mythique Mortis
45%
Super rare Penny
45%
Super rare Arkad
41%
Épique Billie
41%
Épique Eliz@
41%
Légendaire Kit
41%
Épique Pam
41%
Légendaire Surge
41%
Mythique Tara
41%
Super rare Tick
41%
Épique Colette
36%
Super rare Darryl
36%
Épique Edgar
36%
Légendaire Émeri
36%
Épique Franck
36%
Épique Olli
36%
Épique Bea
32%
Épique Belle
32%
Légendaire Chester
32%
Légendaire Cordelius
32%
Épique Gaël
32%
Épique Grom
32%
Mythique Juju
32%
Épique Lola
32%
Épique Mandy
32%
Mythique Max
32%
Mythique Médor
32%
Épique Meeple
32%
Épique Nani
32%
Épique Sam
32%
Épique Shade
32%
Mythique Wally
32%
Épique Angelo
27%
Épique Berry
27%
Mythique Buster
27%
Mythique Byron
27%
Mythique Chuck
27%
Mythique Djinn
27%
Mythique Doug
27%
Mythique Fang
27%
Mythique Gray
27%
Épique Griff
27%
Super rare Jacky
27%
Mythique Janet
27%
Mythique Lily
27%
Mythique Lou
27%
Légendaire Meg
27%
Mythique Moe
27%
Mythique Monsieur m
27%
Mythique Otis
27%
Mythique Charlie
23%
Légendaire Draco
23%
Mythique Ève
23%
Épique Hank
23%
Mythique Mélody
23%
Épique Polli
23%
Mythique Willow
23%
Épique Ash
18%
Épique Bonnie
18%
Épique Larry & lawrie
18%
Mythique Mico
18%
Épique Pearl
18%
Mythique R-t
18%
Mythique Clancy
14%
Épique Maisie
14%
Mythique Squeak
14%
Légendaire Genji
5%
Aucun quiz correspondant
Distribution des résultats
% des personnes avec chaque résultat
Percentile par nombre de réponses
Votre historique - résultats
Vous n’avez pas pris ce quiz